000 002310000a22000970004500
100 1 _aHamilton, Tim
245 1 0 _aReady or not : When disaster strikes
300 _aNum. 22 (2002), Páginas 22-23
773 0 _tTeartimes
942 _cANA
999 _c56015
_d56015